MARC details
| 000 -LEADER |
| fixed length control field |
02803cam a22003134a 4500 |
| 001 - CONTROL NUMBER |
| control field |
16062465 |
| 003 - CONTROL NUMBER IDENTIFIER |
| control field |
OSt |
| 005 - DATE AND TIME OF LATEST TRANSACTION |
| control field |
20231024123014.0 |
| 008 - FIXED-LENGTH DATA ELEMENTS--GENERAL INFORMATION |
| fixed length control field |
100119s2011 njua b 001 0 eng |
| 010 ## - LIBRARY OF CONGRESS CONTROL NUMBER |
| LC control number |
2010000641 |
| 016 7# - NATIONAL BIBLIOGRAPHIC AGENCY CONTROL NUMBER |
| Record control number |
101522978 |
| Source |
DNLM |
| 020 ## - INTERNATIONAL STANDARD BOOK NUMBER |
| International Standard Book Number |
1292027851 |
| 040 ## - CATALOGING SOURCE |
| Transcribing agency |
KABU |
| 042 ## - AUTHENTICATION CODE |
| Authentication code |
pcc |
| 050 00 - LIBRARY OF CONGRESS CALL NUMBER |
| Classification number |
RT84.5 |
| Item number |
.N89 2014 |
| 245 00 - TITLE STATEMENT |
| Title |
Nursing theories : |
| Remainder of title |
the base for professional nursing practice / |
| Statement of responsibility, etc. |
edited by Julia B. George. |
| 250 ## - EDITION STATEMENT |
| Edition statement |
6th ed. |
| 260 ## - PUBLICATION, DISTRIBUTION, ETC. (IMPRINT) |
| Place of publication, distribution, etc. |
Upper Saddle River, N.J. : |
| Name of publisher, distributor, etc. |
Pearson Education, |
| Date of publication, distribution, etc. |
2014. |
| 300 ## - PHYSICAL DESCRIPTION |
| Extent |
ii, 695 p. |
| 504 ## - BIBLIOGRAPHY, ETC. NOTE |
| Bibliography, etc |
Includes bibliographical references and index. |
| 505 00 - FORMATTED CONTENTS NOTE |
| Title |
An introduction to nursing theory / |
| Statement of responsibility |
Janet S. Hickman -- |
| Title |
Nursing theory and clinical practice / |
| Statement of responsibility |
Julia B. George -- |
| Title |
Environmental model : Florence Nightingale / |
| Statement of responsibility |
Marie L. Lobo -- |
| Title |
Interpersonal relations in nursing : Hildegard E. Peplau / |
| Statement of responsibility |
Janice Ryan Belcher -- |
| Title |
Definition and components of nursing : Virginia Henderson / |
| Statement of responsibility |
Marie L. Lobo -- |
| Title |
Self-care deficit nursing theory : Dorothea E. Orem / |
| Statement of responsibility |
Peggy Coldwell Foster -- |
| Title |
Behavioral system model : Dorothy E. Johnson / |
| Statement of responsibility |
Marie L. Lobo -- |
| Title |
Nursing process discipline : Ida Jean Orlando / |
| Statement of responsibility |
Julia B. George -- |
| Title |
Other theories from the 1950s and 1960s / |
| Statement of responsibility |
Peggy Coldwell Foster -- |
| Title |
The conservation principles : a model for health : Myra E. Levine / |
| Statement of responsibility |
Julia B. George -- |
| Title |
Conceptual system and theory of goal attainment : Imogene M. King / |
| Statement of responsibility |
Julia B. George -- |
| Title |
Science of unitary human beings : Martha E. Rogers / |
| Statement of responsibility |
Maryanne Garon -- |
| Title |
Roy adaptation model : Sister Callista Roy / |
| Statement of responsibility |
Julia Gallagher Galbreath -- |
| Title |
The Neuman systems model : Betty Neuman / |
| Statement of responsibility |
Julia B. George -- |
| Title |
Other theories from the 1970s / |
| Statement of responsibility |
Julia B. George -- |
| Title |
Theory of culture care diversity and universality : Madeleine M. Leininger / |
| Statement of responsibility |
Julia B. George -- |
| Title |
Health as expanding consciousness : Margaret Newman / |
| Statement of responsibility |
Julia B. George -- |
| Title |
Theory of transpersonal caring : Jean Watson / Brenda P. Johnson and Jane H. Kelley -- |
| -- |
Human becoming school of thought : Rosemarie Rizzo Parse / Janet S. Hickman -- |
| -- |
The modeling and role-modeling theory : Erickson, Tomlin, and Swain / |
| Statement of responsibility |
Noreen Cavan Frisch and Susan Stanwyck Bowman -- |
| Title |
Health promotion model : Nola J. Pender / |
| Statement of responsibility |
Julia B. George -- |
| Title |
Philosophy of caring and expert nursing practice : Patricia Benner / |
| Statement of responsibility |
Bobbe Ann Gray -- |
| Title |
Other theories of the 1980s / |
| Statement of responsibility |
Julia B. George and Janet S. Hickman -- |
| Title |
Other nursing theories from the 1990s / |
| Statement of responsibility |
Janet Hickman and Julia B. George. |
| 650 #0 - SUBJECT ADDED ENTRY--TOPICAL TERM |
| Topical term or geographic name as entry element |
Nursing |
| General subdivision |
Philosophy. |
| 650 12 - SUBJECT ADDED ENTRY--TOPICAL TERM |
| Topical term or geographic name as entry element |
Nursing Theory. |
| 650 22 - SUBJECT ADDED ENTRY--TOPICAL TERM |
| Topical term or geographic name as entry element |
Models, Nursing. |
| 700 1# - ADDED ENTRY--PERSONAL NAME |
| Personal name |
George, Julia B. |
| 906 ## - LOCAL DATA ELEMENT F, LDF (RLIN) |
| a |
7 |
| b |
cbc |
| c |
orignew |
| d |
1 |
| e |
ecip |
| f |
20 |
| g |
y-gencatlg |
| 942 ## - ADDED ENTRY ELEMENTS (KOHA) |
| Source of classification or shelving scheme |
Library of Congress Classification |
| Koha item type |
General Collection |